000
00181 a2200097 4500
001
3664
100
_a
Hasan, J
245
_a
Pakistan
260
_a
_b
United
_c
090
_c
2925
_d
2925
942
_a
NUST-CAE
_c
_c
21391
999
_c
238737
_d
238737